জ্যৈাতিষ্ক বিজ্ঞান / (Record no. 70846)
[ view plain ]
| 000 -LEADER | |
|---|---|
| fixed length control field | 00736nam a2200217 a 4500 |
| 001 - CONTROL NUMBER | |
| control field | 70846 |
| 003 - CONTROL NUMBER IDENTIFIER | |
| rucl marc code | BD-RjUL |
| 005 - DATE AND TIME OF LATEST TRANSACTION | |
| control field | 20211209082039.0 |
| 008 - FIXED-LENGTH DATA ELEMENTS--GENERAL INFORMATION | |
| fixed length control field | 170420s1977 bg a|||| |||| 00| 0 ben d |
| 035 ## - SYSTEM CONTROL NUMBER | |
| System control number | (BD-RjUL)71060 |
| 040 ## - CATALOGING SOURCE | |
| Original cataloging agency | BD-RjUL |
| Language of cataloging | eng |
| Transcribing agency | BD-RjUL |
| 041 ## - LANGUAGE CODE | |
| Language code of text/sound track or separate title | eng |
| 082 ## - DEWEY DECIMAL CLASSIFICATION NUMBER | |
| Edition number | 23 |
| Classification number | 520 |
| Author mark and year | SOJ 1977 |
| 100 1# - MAIN ENTRY--PERSONAL NAME | |
| Personal name | সরদার, রমজান আলী |
| 9 (RLIN) | 123111 |
| 245 1# - TITLE STATEMENT | |
| Title | জ্যৈাতিষ্ক বিজ্ঞান / |
| Statement of responsibility, etc. | রমজান আলী সরদার |
| 260 ## - PUBLICATION, DISTRIBUTION, ETC. (IMPRINT) | |
| Place of publication, distribution, etc. | ঢাকা : |
| Name of publisher, distributor, etc. | বাংলা একাডেমী, |
| Date of publication, distribution, etc. | ১৯৭৭ |
| 300 ## - PHYSICAL DESCRIPTION | |
| Pagination | ৩২৭ পৃ. ; |
| Size | ২০ সেমি. |
| 650 ## - SUBJECT ADDED ENTRY--TOPICAL TERM | |
| Topical term or geographic name as entry element | জ্যৈাতিষ্ক |
| 9 (RLIN) | 209690 |
| Topical term or geographic name as entry element | Astonomy |
| 9 (RLIN) | 209691 |
| 942 ## - ADDED ENTRY ELEMENTS (KOHA) | |
| Source of classification or shelving scheme | Dewey Decimal Classification |
| Koha item type | Books |
| Lost status | Source of classification or shelving scheme | Damaged status | Not for loan | Collection code | Permanent Location | Current Location | Shelving location | Date acquired | Source of acquisition | Cost, normal purchase price | Total Checkouts | Full call number | Date last seen | Copy number | Koha item type |
|---|---|---|---|---|---|---|---|---|---|---|---|---|---|---|---|
| Dewey Decimal Classification | Not For Loan | Non-fiction | Central Library, University of Rajshahi | Central Library, University of Rajshahi | Reading Room | 08/01/1985 | Dhaka, Bangla Academy | 25.00 | B 520 SOJ 1977 | 20/04/2017 | C-1 | Books |